000 00876nas a22003137a 4500
003 CHAP
005 20260202100442.0
008 971013s1982 r 00010 d
010 _a16776
011 _a17748
035 _a21832
040 _cCHAP
082 _a635.05
_bJ3
100 0 0 _aJanick, Jules
_eed.
_961050
245 _aHorticultural reviews
260 _aWestport, Conn., :
_bAvi,
_c1982
300 _a281 p.
_b: ilus
490 _aVolumen
_v; 4
590 _aBATCH-UPD
_b10
_c20130110
590 _aBATCH-UPD
_b10
_c20130110
590 _aBATCH-UPD
_b10
_c20130409
590 _aBATCH-UPD
_b10
_c20130914
590 _aCONVERSION
_b10
_c20130109
650 1 4 _aHorticultura
_xInvestigación.
_956343
830 0 _aVolumen
_v; 4
_9120657
901 _aBK
942 _cLIBRO
_2ddc
949 _a635.05 J3
_bBC
_cLIBRO
_d-50801
_eLIBRO
_gI.125743
_h65157
_i21832
_mDir
_si
999 _c16776
_d16776